000 00522nam a2200181Ia 4500
005 20250508151931.0
008 008 250505s9999 xx 000 0 eng d
037 _aTextual
040 _aFEDL
_beng
_cFEDL
041 _aeng
_2eng
084 _a370.7, UNE
_qFEDL
245 0 _aPrimary teacher training
260 _aParis, France
_bUnited Nation Educational Scientfic and Cultural Orgnization
_c1953
300 _a253p.
650 _aEducation
942 _cTEXL
_h370.7, UNE
999 _c1333065
_d1333065